| 000 | 00711nam a2200193 i 4500 | ||
|---|---|---|---|
| 001 | 98850 | ||
| 003 | ES-MaACL | ||
| 005 | 20230906182408.0 | ||
| 007 | t| | ||
| 008 | 051027s1859 sp ||||1| spa d | ||
| 100 | 1 |
_aRua Figueroa, Ramón. _9100263 |
|
| 245 | 1 | 0 |
_aEnsayo sobre la historia de las Minas de Rio-Tinto / _cpor Ramón Rua Figueroa. |
| 260 |
_aMadrid : _b[s.n.], _c1859 ( _fImp. de la Viuda de Antonio Yenes) |
||
| 300 |
_a319 p. ; _c22 cm. |
||
| 650 |
_aMinería- _zMinas de Riotinto. _915059 |
||
| 852 |
_aES-MaACL _jB-8307(1) |
||
| 852 |
_aES-MaACL _jC-3219 |
||
| 856 |
_uhttp://bibliotecadigitalhispanica.bne.es:80/webclient/DeliveryManager?pid=1679149&custom_att_2=simple_viewer _zIr a la página |
||
| 999 |
_c98850 _d98850 |
||